000 01640nam a2200361 i 4500
003 EG-ScBUE
005 20240716121924.0
008 180104s1976 enkbdo f b 001 0 ara d
040 _aEG-ScBUE
_bara
_erda
_cEG-ScBUE
_dEG-ScBUE
041 1 _aara
_heng
043 _aa-mk---
082 0 4 _a953.53
_bهـ و ل
_222
100 1 _aهولي، دونالد،
_eمؤلف.
245 1 0 _aعمان ونهضتها الحديثة /
_cدونالد هولي ؛ ترجمة فؤاد حداد، عادل صلاحي ؛ تحرير وتحقيق محمد بيبي.
264 1 _aلندن :
_bمؤسسة ستايسي الدولية،
_c1976.
300 _a256 صفحة :
_bأشكال بيانية، خرائط، صور ملونة ؛
_c30 سم
336 _2rdacontent
_aنص
_btxt
337 _aبدون وسيط
_2rdamedia
_bn
338 _aمجلد
_bnc
_2rdacarrier
500 _aيشتمل على قائمة بالأخطاء اللغوية..
504 _aيشتمل على إرجاعات ببليوجرافية وكشافات.
541 _aأ. علاءعبد الغني ؛
_cإهداء ؛
546 _aالنص باللغة العربية وقد تم ترجمته من اللغة الإنجليزية.
650 _2BUEsh
651 7 _aعمان (سلطنة)
_xتاريخ
_zقابوس بن سعيد، 1970-
_2BUEsh
651 7 _aعمان (سلطنة)
_xتاريخ
_zقرن 20.
_2BUEsh
653 _bGGEN
_bBUSBOL
_cJanuary2018
655 _vReading book
700 1 _aحداد، فؤاد،
_eمترجم.
_98019
700 1 _aصلاحي، عادل،
_eمترجم.
700 1 _aبيبي، محمد،
_eمحرر،
_eمحقق.
942 _2ddc
999 _c25867
_d25839